000 00911nam a2200265 i 4500
003 EG-GICUC
005 20260202104754.0
008 260202s1953 sz ||||fr|||| 000 0 fre d
040 _aEG-GiCUC
_bfre
_cEG-GiCUC
_dEG-GiCUC
_eRda
082 0 4 _221
_a341.23
_bSE
092 0 4 _221
099 _aLaw1 11 341.23 SE 1953
245 1 0 _aSeptième Rapport De L'organisation Internationale Du Travail Aux Nations Unies /
_cOrganisation Internationale Du Travail.
264 1 _aGeneve :
_bBureau International Du Travail,
_c1953.
300 _a475page :
_billustration ;
_c 24 cm.
336 _2rda contenu
_a texte
337 _2rda medias
_aOrdinateur
338 _2 transporteur rda
_a Ressource en ligne
546 _aTexte en français
650 1 4 _aDroit international public
_2
651 1 _2
856 4 0 _uhttps://fll.law.cu.edu.eg/fulltext/bks/B11-05475.pdf
905 _a50
942 _2ddc
_cBK
_e21
_n0
999 _c60219
_d60219